| 000 | 00594nam a22002057a 4500 | ||
|---|---|---|---|
| 003 | OSt | ||
| 005 | 20140310182355.0 | ||
| 008 | 131001t xxu||||| |||| 00| 0 eng d | ||
| 020 | _a4931356753 | ||
| 050 |
_aLB 1139.3 _b.B516ss1 1997 |
||
| 082 |
_aGS 425 _bK85 1997 |
||
| 100 |
_aKrause, Aleda _922313 |
||
| 245 |
_aSuper kids 1 : _bstudent book. / _cAleda Krause, Greg Cossu. |
||
| 260 |
_aJapan : _bPrentice Hall ELT, _c1997 |
||
| 300 |
_a75 p. : _bill. ; _c27 cm. |
||
| 650 |
_aGrammar - developing. _922306 |
||
| 650 |
_aLearning language. _922307 |
||
| 942 |
_2lcc _cBK-GS |
||
| 999 |
_c12470 _d12470 |
||